Development of Materials Science in Research and Education the twenty-third joint seminar : September 9-13, 2013 Kežmarské Žľaby

Bibliographic Details
Corporate Author: Development of Materials Science in Research and Education Kežmarské Žľaby, Slovensko
Other Authors: Koman, Marian, 1953- (Editor), Kožíšek, Zdeněk (Editor), Jorík, Vladimír, 1956- (Editor)
Format: Conference Proceeding Book
Language:English
PhysicalDescription:64 s. 21 cm
Published: Bratislava [Slovenská technická univerzita] 2013
ISBN:9788097089658 (brož.)
Subjects:

MARC

LEADER 00000nam a2200000 a 4500
001 vtls010542301
003 SK-MaSNL
005 20260426005553.0
008 250414s2013 xo f n 101 0 eng
015 |a SNBA2013/10 
020 |a 9788097089658 (brož.) 
035 |a fb1b130f-aa96-446c-b80e-7bf55c55c621 
035 |a urn:nbn:sk:snk-amjrb5 
035 |a urn:nbn:sk:snk:ar-008ta5 
040 |a SNK  |b slo  |c SNK  |e AACR2 
041 0 |a eng 
044 |a xo  |c SK 
072 7 |a 62  |x Technika všeobecne  |2 konspekt 
080 |a 62  |2 2001 
080 |a 37  |2 2001 
111 2 |a Development of Materials Science in Research and Education  |n (23. :  |d 2013 :  |c Kežmarské Žľaby, Slovensko)  |9 174685 
245 0 0 |a Development of Materials Science in Research and Education  |b the twenty-third joint seminar : September 9-13, 2013 Kežmarské Žľaby  |c [editors: M. Koman, V. Jorík, Z. Kožíšek] 
260 |a Bratislava  |b [Slovenská technická univerzita]  |c 2013 
300 |a 64 s.  |c 21 cm 
500 |a Vydavateľstvo uvedené podľa ISBN 
504 |a Bibliogr. odkazy ; reg. 
650 0 7 |a materiály  |2 SNKPH  |9 1041 
650 0 7 |a vzdelávanie  |2 SNKPH  |9 4033 
650 0 7 |a Materials  |2 SNKPHeng  |9 266883 
650 0 7 |a Education  |2 SNKPHeng  |9 265320 
655 7 |a zborníky konferencií  |2 SNKPH  |9 70153 
655 7 |a Proceedings of conferences  |2 SNKPHeng  |9 265791 
655 7 |a issue_zb  |2 SNK  |9 276493 
700 1 |a Koman, Marian,  |d 1953-  |4 edt  |9 39997 
700 1 |a Kožíšek, Zdeněk  |4 edt  |9 569715 
700 1 |a Jorík, Vladimír,  |d 1956-  |4 edt  |9 237439 
852 |a Slovenská národná knižnica 
919 |a 978-80-970896-5-8 
954 |a odborná, vedecká literatúra pôvodná (slovenská)  |2 lita 
954 |a odborná, vedecká literatúra cudzojazyčná (svetová)  |2 lita 
958 |a OND 
958 |a ART 
958 |a NB 
999 |c 1011346  |d 1013276 
952 |a SNK  |b SNK  |y PREZ  |7 0  |p 17A1083076  |o snkSC 156080  |i snk2013/21928  |8 0  |0 0  |1 0  |4 0  |d 2013-09-19  |l 0  |r 2025-08-18 00:00:00  |w 2026-02-24 
952 |a SNK  |b SNK  |y VYP  |7 0  |p 17A1083077  |o snkSC 156080 D1  |i snk2013/21930  |8 0  |0 0  |1 0  |4 0  |d 2013-09-19  |l 0  |r 2026-02-24 12:52:40  |w 2026-02-24